[Event "Verbandsliga Nordbaden 1819"]
[Site "Baden"]
[Date "2019.02.17"]
[Round "6.6"]
[White "Joeres, Stefan"]
[Black "Benend, Andreas"]
[Result "0-1"]
[WhiteElo "2039"]
[BlackElo "2199"]
[PlyCount "170"]
[EventDate "2018.10.14"]
[EventType "team-tourn"]
[EventRounds "9"]
[EventCountry "GER"]
[SourceTitle "EXT 2020"]
[Source "ChessBase"]
[SourceDate "2019.10.17"]
[SourceVersion "1"]
[SourceVersionDate "2019.10.17"]
[SourceQuality "1"]
[WhiteTeam "Karlsruhe"]
[BlackTeam "Ladenburg"]
[WhiteTeamCountry "GER"]
[BlackTeamCountry "GER"]

1. e4 e5 2. Nf3 Nc6 3. Nc3 Nf6 4. Bb5 Bb4 5. d3 d6 6. 0-0 0-0 7. Bg5 Bxc3 8. bxc3 Qe7 9. Bxc6 bxc6 10. Nd2 h6 11. Bxf6 Qxf6 12. Rb1 Bd7 13. Rb7 Rfb8 14. Qb1 Qd8 15. Qb2 Kh7 16. Rb1 Rc8 17. Nc4 f5 18. exf5 Bxf5 19. Ne3 Be6 20. c4 a5 21. a3 Qf6 22. Rf1 d5 23. cxd5 cxd5 24. Qb5 Qf7 25. Qc5 Ra6 26. c3 Rb6 27. Ra7 Rb2 28. Qxa5 d4 29. Nd1 Re2 30. c4 Qg6 31. Kh1 Qxd3 32. Rg1 Rd2 33. Qxe5 Rxd1 34. h3 Bxc4 35. Rxd1 Qxd1+ 36. Kh2 Qd3 37. a4 Qg6 38. Qxd4 Qd6+ 39. Qxd6 cxd6 40. Rd7 d5 41. f4 Kg6 42. g4 Ra8 43. f5+ Kf6 44. Kg3 Rxa4 45. Rd6+ Kf7 46. Rd7+ Kf8 47. Rd8+ Ke7 48. Rg8 Kf7 49. Rd8 Ba2 50. h4 Ra7 51. Kf4 Ke7 52. Rg8 Kd6 53. f6 Ra4+ 54. Kf3 gxf6 55. Rg6 Ke5 56. Rxh6 Ra3+ 57. Kf2 Kf4 58. Rxf6+ Kxg4 59. Rh6 Rh3 60. Rg6+ Kxh4 61. Rg8 Rc3 62. Rg7 Rc6 63. Kf3 Rf6+ 64. Ke3 Rf5 65. Rg1 Rg5 66. Rf1 Kg4 67. Rf4+ Kg3 68. Rf3+ Kh4 69. Rf1 Rg4 70. Rf5 d4+ 71. Kf3 d3 72. Ke3 Bb1 73. Rd5 Kg3 74. Rf5 Re4+ 75. Kd2 Rf4 76. Rg5+ Kf2 77. Rg8 Kf1 78. Rg7 Rf2+ 79. Ke3 Re2+ 80. Kf3 Bc2 81. Rh7 Ke1 82. Rh1+ Kd2 83. Rh8 Kc1 84. Rh1+ Bd1 85. Kf4 d2 0-1

[Event "Verbandsliga Nordbaden 1415"]
[Site "Baden"]
[Date "2015.01.25"]
[Round "5.5"]
[White "Bitsch, Torsten"]
[Black "Benend, Andreas"]
[Result "1-0"]
[WhiteElo "2015"]
[BlackElo "2209"]
[PlyCount "65"]
[EventDate "2014.10.12"]
[EventType "team-tourn"]
[EventRounds "9"]
[EventCountry "GER"]
[SourceTitle "EXT 2022"]
[Source "ChessBase"]
[SourceDate "2021.10.06"]
[SourceVersion "1"]
[SourceVersionDate "2021.10.06"]
[SourceQuality "1"]
[WhiteTeam "Viernheim II"]
[BlackTeam "Ladenburg"]
[WhiteTeamCountry "GER"]
[BlackTeamCountry "GER"]

1. d4 Nf6 2. c4 e6 3. Nc3 c5 4. d5 exd5 5. cxd5 d6 6. e4 g6 7. Nf3 Bg7 8. Be2 0-0 9. 0-0 a6 10. a4 Re8 11. Qc2 b6 12. Bg5 h6 13. Bh4 Qc7 14. Nd2 g5 15. Bg3 Ng4 16. Nc4 Ne5 17. Ne3 Ng6 18. Nc4 Ne5 19. f4 Nxc4 20. Bxc4 Nd7 21. e5 gxf4 22. exd6 Qxd6 23. Bxf4 Be5 24. Ne4 Qg6 25. Bxe5 Rxe5 26. d6 Qxe4 27. Qxe4 Rxe4 28. Bxf7+ Kg7 29. Bd5 Rd4 30. Bxa8 Rxd6 31. Rad1 Rxd1 32. Rxd1 c4 33. Bb7 1-0

[Event "Verbandsliga Nordbaden 1415"]
[Site "Baden"]
[Date "2014.12.14"]
[Round "4.5"]
[White "Benend, Andreas"]
[Black "Kraemer, Enrico"]
[Result "0-1"]
[WhiteElo "2209"]
[BlackElo "2158"]
[PlyCount "72"]
[EventDate "2014.10.12"]
[EventType "team-tourn"]
[EventRounds "9"]
[EventCountry "GER"]
[SourceTitle "EXT 2022"]
[Source "ChessBase"]
[SourceDate "2021.10.06"]
[SourceVersion "1"]
[SourceVersionDate "2021.10.06"]
[SourceQuality "1"]
[WhiteTeam "Ladenburg"]
[BlackTeam "Leimen"]
[WhiteTeamCountry "GER"]
[BlackTeamCountry "GER"]

1. e4 e6 2. Nc3 d5 3. f4 dxe4 4. Nxe4 Nf6 5. Ng3 Be7 6. Nf3 0-0 7. d4 c5 8. Be3 Nd5 9. Qd2 Nxe3 10. Qxe3 cxd4 11. Qxd4 Nc6 12. Qe4 Qa5+ 13. c3 Rd8 14. Bd3 g6 15. 0-0 Qd5 16. Rfd1 Qxe4 17. Bxe4 Bd7 18. Ne5 Nxe5 19. fxe5 Be8 20. Bxb7 Rxd1+ 21. Rxd1 Rb8 22. Bf3 Rxb2 23. Ne4 Bb5 24. Rd2 Rxd2 25. Nxd2 Bc5+ 26. Kh1 Be3 27. Nb3 Bf4 28. Nd4 Bc4 29. a4 Bxe5 30. Nc6 Bxc3 31. Nxa7 f5 32. Nc6 Kf8 33. Kg1 e5 34. Kf2 Bb3 35. a5 e4 36. a6 Bd5 0-1

[Event "Verbandsliga Nord Baden 1314"]
[Site "Germany"]
[Date "2014.04.13"]
[Round "9.7"]
[White "Schulte, Torsten"]
[Black "Benend, Andreas"]
[Result "0-1"]
[WhiteElo "2130"]
[BlackElo "2209"]
[PlyCount "138"]
[EventDate "2013.10.20"]
[EventType "team-tourn"]
[EventRounds "9"]
[EventCountry "GER"]
[SourceTitle "EXT 2015"]
[Source "ChessBase"]
[SourceDate "2014.11.20"]
[SourceVersion "1"]
[SourceVersionDate "2014.11.20"]
[SourceQuality "1"]
[WhiteTeam "Eppingen II"]
[BlackTeam "Ladenburg"]
[WhiteTeamCountry "GER"]
[BlackTeamCountry "GER"]

1. d4 Nf6 2. c4 e6 3. Nc3 c5 4. d5 exd5 5. cxd5 d6 6. e4 g6 7. f4 Bg7 8. Bb5+ Nfd7 9. Bd3 Qh4+ 10. g3 Qe7 11. Nf3 0-0 12. 0-0 Na6 13. Re1 Re8 14. Kg2 Nc7 15. Bd2 a6 16. a4 b6 17. Rb1 Rb8 18. Qe2 Nf6 19. b4 Qd7 20. bxc5 dxc5 21. Bc4 b5 22. axb5 axb5 23. Nxb5 Nxb5 24. Rxb5 Rxb5 25. Bxb5 Qh3+ 26. Kg1 Rxe4 27. Qf2 Rxe1+ 28. Bxe1 Nxd5 29. Qxc5 Bb7 30. Bc6 Qc8 31. Qxd5 Bxc6 32. Qd3 Qa8 33. Ne5 Bh1 34. Qe2 Bd5 35. Bc3 Qa2 36. Qf2 Qa4 37. Qd4 Qa2 38. Qd2 Qb1+ 39. Kf2 Qh1 40. Ke3 Bxe5 41. Bxe5 f6 42. Bxf6 Qe4+ 43. Kf2 Qf3+ 44. Ke1 Qh1+ 45. Ke2 Qxh2+ 46. Ke3 Qxg3+ 47. Kd4 Kf7 48. Be5 Qb3 49. Qa5 Qc4+ 50. Ke3 Qe4+ 51. Kd2 Qg2+ 52. Ke3 Qf3+ 53. Kd2 Ke6 54. Qa6+ Kf5 55. Qc8+ Be6 56. Qf8+ Kg4 57. Qe7 Qd5+ 58. Ke3 h6 59. Qg7 Bf5 60. Ke2 Qd3+ 61. Ke1 Kf3 62. Qb7+ Be4 63. Qb2 Qe3+ 64. Kd1 Qg1+ 65. Kd2 Qf2+ 66. Kd1 Qf1+ 67. Kd2 Qe2+ 68. Kc3 Qxb2+ 69. Kxb2 h5 0-1

[Event "Verbandsliga Nord Baden 1112"]
[Site "Germany"]
[Date "2012.04.29"]
[Round "9.4"]
[White "Benend, Andreas"]
[Black "Weiler, Wolfgang"]
[Result "1/2-1/2"]
[WhiteElo "2229"]
[BlackElo "2119"]
[PlyCount "108"]
[EventDate "2011.10.09"]
[EventType "team-tourn"]
[EventRounds "9"]
[EventCountry "GER"]
[SourceTitle "EXT 2013"]
[Source "ChessBase"]
[SourceDate "2012.11.22"]
[SourceVersion "1"]
[SourceVersionDate "2012.11.22"]
[SourceQuality "1"]
[WhiteTeam "Ladenburg"]
[BlackTeam "Slavija KA"]
[WhiteTeamCountry "GER"]
[BlackTeamCountry "GER"]

1. e4 e5 2. Nc3 Nf6 3. Bc4 Bc5 4. d3 d6 5. Nf3 c6 6. a3 b5 7. Ba2 0-0 8. 0-0 Qe7 9. Bg5 Bg4 10. Qe2 Nbd7 11. Nd1 Rae8 12. Ne3 Be6 13. Nh4 Bxa2 14. Rxa2 Qe6 15. Raa1 h6 16. Bxf6 Nxf6 17. b4 Bb6 18. a4 bxa4 19. c4 d5 20. c5 Bd8 21. Nhf5 a5 22. bxa5 Bxa5 23. Rxa4 Bc3 24. Qf3 d4 25. Nc4 Nd7 26. Ncd6 Ra8 27. Rxa8 Rxa8 28. Qg3 Qf6 29. f4 exf4 30. Qxf4 Ra1 31. Rxa1 Bxa1 32. Qg4 Bc3 33. Ne8 Qg5 34. Qxg5 hxg5 35. Ned6 Ne5 36. Ne7+ Kf8 37. Nxc6 Nxd3 38. Nf5 Nxc5 39. Nfxd4 Nxe4 40. Ne2 Bd2 41. Ng3 Nxg3 42. hxg3 Bc3 43. Kf1 Ke8 44. Ke2 Kd7 45. Na7 Be5 46. g4 Kd6 47. Kd3 Kd5 48. Nb5 Bb2 49. Ke3 Be5 50. Na3 Bd4+ 51. Kf3 g6 52. Nb1 f5 53. gxf5 gxf5 54. g4 Ke5 1/2-1/2

[Event "Verbandsliga Nord Baden 0809"]
[Site "Germany"]
[Date "2009.04.05"]
[Round "9.4"]
[White "Benend, Andreas"]
[Black "Giacomelli, Bernd"]
[Result "1-0"]
[WhiteElo "2213"]
[BlackElo "2029"]
[PlyCount "117"]
[EventDate "2008.09.28"]
[EventType "team-tourn"]
[EventRounds "9"]
[EventCountry "GER"]
[SourceTitle "EXT 2010"]
[Source "ChessBase"]
[SourceDate "2010.11.25"]
[SourceVersion "1"]
[SourceVersionDate "2010.11.25"]
[SourceQuality "1"]
[WhiteTeam "Ladenburg"]
[BlackTeam "Pfinztal"]
[WhiteTeamCountry "GER"]
[BlackTeamCountry "GER"]

1. e4 e6 2. d4 d5 3. exd5 exd5 4. Bd3 Bd6 5. Nc3 c6 6. Nge2 Bg4 7. Be3 Ne7 8. h3 Bh5 9. Qd2 Qc7 10. Bf4 Nd7 11. Bxd6 Qxd6 12. Nf4 Bg6 13. Nxg6 hxg6 14. Ne2 0-0-0 15. 0-0-0 Nf6 16. Ng3 Rh4 17. c3 Kb8 18. Rhe1 c5 19. dxc5 Qxc5 20. Qg5 Ra4 21. Qe5+ Kc8 22. Qxe7 Qxf2 23. Qe3 Qxe3+ 24. Rxe3 d4 25. cxd4 Rxa2 26. Bb1 Ra4 27. Ne2 Nd5 28. Rf3 Rd7 29. Nc3 Ra5 30. Nxd5 Raxd5 31. Ba2 Rf5 32. Rxf5 gxf5 33. d5 Rd6 34. Kd2 Rg6 35. Rg1 Rg3 36. Ke2 Kd7 37. Bc4 a6 38. Kf2 f4 39. Rd1 b5 40. Be2 Rb3 41. Ra1 Kd6 42. Rxa6+ Kxd5 43. Ra7 Ke6 44. Rb7 Rxb2 45. Rxb5 Rc2 46. Kf3 f6 47. Bd3 Rc3 48. Ke4 Ra3 49. Rb6+ Kf7 50. Bc4+ Kg6 51. Kxf4 Ra4 52. Rc6 Kh5 53. Rc8 g5+ 54. Kf5 Kh4 55. Kxf6 g4 56. hxg4 Kxg4 57. Be6+ Kg3 58. Rg8+ Kf2 59. g4 1-0

[Event "Verbandsliga Nord Baden 0809"]
[Site "Germany"]
[Date "2009.03.08"]
[Round "7.4"]
[White "Benend, Andreas"]
[Black "Burger, Andreas"]
[Result "1/2-1/2"]
[WhiteElo "2213"]
[BlackElo "2082"]
[PlyCount "21"]
[EventDate "2008.09.28"]
[EventType "team-tourn"]
[EventRounds "9"]
[EventCountry "GER"]
[SourceTitle "EXT 2010"]
[Source "ChessBase"]
[SourceDate "2010.11.25"]
[SourceVersion "1"]
[SourceVersionDate "2010.11.25"]
[SourceQuality "1"]
[WhiteTeam "Ladenburg"]
[BlackTeam "Untergrombach II"]
[WhiteTeamCountry "GER"]
[BlackTeamCountry "GER"]

1. e4 d6 2. d4 Nf6 3. Nc3 g6 4. Nf3 Bg7 5. h3 Nbd7 6. Bc4 0-0 7. a4 c5 8. e5 Ne8 9. e6 fxe6 10. Bxe6+ Kh8 11. Be3 1/2-1/2

[Event "Verbandsliga Nord Baden 0809"]
[Site "Germany"]
[Date "2008.11.02"]
[Round "3.4"]
[White "Nadj, Christian"]
[Black "Benend, Andreas"]
[Result "1-0"]
[WhiteElo "2171"]
[BlackElo "2213"]
[PlyCount "117"]
[EventDate "2008.09.28"]
[EventType "team-tourn"]
[EventRounds "9"]
[EventCountry "GER"]
[SourceTitle "EXT 2010"]
[Source "ChessBase"]
[SourceDate "2010.11.25"]
[SourceVersion "1"]
[SourceVersionDate "2010.11.25"]
[SourceQuality "1"]
[WhiteTeam "Slavija KA"]
[BlackTeam "Ladenburg"]
[WhiteTeamCountry "GER"]
[BlackTeamCountry "GER"]

1. d4 Nf6 2. Nf3 d6 3. c4 Nbd7 4. Nc3 e5 5. e4 Be7 6. Be2 0-0 7. 0-0 c6 8. h3 Re8 9. d5 Qc7 10. Be3 a6 11. a4 a5 12. Ne1 Nc5 13. Bxc5 dxc5 14. Qd2 Bd6 15. Rd1 Rd8 16. Nd3 Qe7 17. Rfe1 Ne8 18. Bf1 Bd7 19. f4 f6 20. f5 g5 21. g4 h5 22. gxh5 Qh7 23. Qe3 b6 24. Be2 Ng7 25. Nf2 Nxh5 26. Bxh5 Qxh5 27. Ng4 Kf7 28. dxc6 Bxc6 29. Nd5 Bxd5 30. Rxd5 Rd7 31. Red1 Rad8 32. R1d3 Ke7 33. Qd2 Qh8 34. Kg2 Qf8 35. Qd1 Qh8 36. Qb3 Rb8 37. Qb5 Qh4 38. Nxf6 Rbd8 39. Ng4 Qe1 40. Re3 Qb1 41. Qb3 Bc7 42. Qc3 Rxd5 43. exd5 Qxf5 44. Nxe5 Kd6 45. Nc6 Rf8 46. Re6+ Kd7 47. Qg7+ Rf7 48. Re7+ Rxe7 49. Qxe7+ Kc8 50. Qe6+ Qxe6 51. dxe6 Bd6 52. Kf3 Kc7 53. e7 Kd7 54. Ke4 Bf4 55. b3 Bc1 56. Kf5 Bd2 57. Kf6 Ke8 58. Ke6 Bf4 59. Nd8 1-0

[Event "Verbandsliga Nord Baden 0809"]
[Site "Germany"]
[Date "2008.09.28"]
[Round "1.1"]
[White "Schrepp, Martin"]
[Black "Benend, Andreas"]
[Result "1/2-1/2"]
[WhiteElo "2288"]
[BlackElo "2213"]
[PlyCount "40"]
[EventDate "2008.09.28"]
[EventType "team-tourn"]
[EventRounds "9"]
[EventCountry "GER"]
[SourceTitle "EXT 2010"]
[Source "ChessBase"]
[SourceDate "2010.11.25"]
[SourceVersion "1"]
[SourceVersionDate "2010.11.25"]
[SourceQuality "1"]
[WhiteTeam "Ladenburg"]
[BlackTeam "Ladenburg II"]
[WhiteTeamCountry "GER"]
[BlackTeamCountry "GER"]

1. e4 e6 2. d4 d5 3. Nc3 dxe4 4. Nxe4 Nd7 5. Nf3 Ngf6 6. Bg5 Be7 7. Nxf6+ Bxf6 8. Bxf6 Qxf6 9. Qd2 0-0 10. 0-0-0 e5 11. Qg5 Qxg5+ 12. Nxg5 exd4 13. Rxd4 Nf6 14. Bc4 Bf5 15. Re1 h6 16. Nf3 Rfe8 17. Rdd1 Rxe1 18. Rxe1 Re8 19. Rxe8+ Nxe8 20. Nd4 Bg6 1/2-1/2

[Event "Verbandsliga Nord Baden 0708"]
[Site "Germany"]
[Date "2008.03.02"]
[Round "7.6"]
[White "Benend, Andreas"]
[Black "Arlt, Reinhard"]
[Result "1/2-1/2"]
[WhiteElo "2213"]
[BlackElo "2204"]
[PlyCount "109"]
[EventDate "2007.10.14"]
[EventType "team-tourn"]
[EventRounds "9"]
[EventCountry "GER"]
[SourceTitle "EXT 2009"]
[Source "ChessBase"]
[SourceDate "2008.11.26"]
[SourceVersion "1"]
[SourceVersionDate "2008.11.26"]
[SourceQuality "1"]
[WhiteTeam "Ladenburg"]
[BlackTeam "Karlsruhe II"]
[WhiteTeamCountry "GER"]
[BlackTeamCountry "GER"]

1. e4 e6 2. d4 d5 3. Nc3 Bb4 4. e5 c5 5. dxc5 Nc6 6. Nf3 Bxc5 7. Bd3 Nge7 8. 0-0 Ng6 9. Re1 a6 10. Qe2 b5 11. a3 Bd7 12. Bd2 Qc7 13. Rad1 0-0 14. h4 f5 15. h5 Nh8 16. a4 b4 17. Na2 Be8 18. Ng5 Nd4 19. Qf1 Qe7 20. c3 bxc3 21. bxc3 Nb3 22. Bf4 h6 23. Nh3 Bxh5 24. Rb1 Na5 25. Bd2 g5 26. c4 Nxc4 27. Bxc4 dxc4 28. Qxc4 Rfc8 29. Qb3 f4 30. Bb4 Bxb4 31. Nxb4 a5 32. Na2 Bg6 33. Qb7 Qxb7 34. Rxb7 Rc2 35. Nc1 Nf7 36. Nb3 Rc4 37. f3 Nd8 38. Rd7 Be8 39. Rd4 Rxa4 40. Nf2 Rxd4 41. Nxd4 a4 42. Ng4 a3 43. Ra1 Kg7 44. Nc2 h5 45. Nf6 Bg6 46. Rxa3 Rxa3 47. Nxa3 Nc6 48. Nc4 Nxe5 49. Nxh5+ Bxh5 50. Nxe5 Kf6 51. Nd3 e5 52. Kf2 Kf5 53. g4+ fxg3+ 54. Kxg3 Bxf3 55. Nxe5 1/2-1/2

[Event "Verbandsliga Nord Baden 0708"]
[Site "Germany"]
[Date "2008.02.17"]
[Round "6.6"]
[White "Orsolic, Marijan"]
[Black "Benend, Andreas"]
[Result "1/2-1/2"]
[WhiteElo "2136"]
[BlackElo "2213"]
[PlyCount "44"]
[EventDate "2007.10.14"]
[EventType "team-tourn"]
[EventRounds "9"]
[EventCountry "GER"]
[SourceTitle "EXT 2009"]
[Source "ChessBase"]
[SourceDate "2008.11.26"]
[SourceVersion "1"]
[SourceVersionDate "2008.11.26"]
[SourceQuality "1"]
[WhiteTeam "Ettlingen"]
[BlackTeam "Ladenburg"]
[WhiteTeamCountry "GER"]
[BlackTeamCountry "GER"]

1. e4 e5 2. Nf3 Nc6 3. Bb5 Nf6 4. 0-0 Nxe4 5. d4 Nd6 6. Bxc6 dxc6 7. dxe5 Nf5 8. Qxd8+ Kxd8 9. h3 Ne7 10. Re1 Ng6 11. Nc3 a6 12. Ne4 Be7 13. Bd2 Be6 14. Bc3 Kc8 15. Nd4 c5 16. Nxe6 fxe6 17. g3 Kd7 18. h4 h5 19. Rad1+ Kc6 20. f4 b5 21. Bd2 a5 22. c4 b4 1/2-1/2

[Event "Oberliga Baden 0607"]
[Site "Germany"]
[Date "2006.10.29"]
[Round "2.3"]
[White "Benend, Andreas"]
[Black "Hund, Barbara"]
[Result "1-0"]
[WhiteElo "2219"]
[BlackElo "2236"]
[PlyCount "137"]
[EventDate "2006.10.15"]
[EventType "team-tourn"]
[EventRounds "9"]
[EventCountry "GER"]
[SourceTitle "CBM 115 Extra"]
[Source "ChessBase"]
[SourceDate "2007.01.10"]
[SourceVersion "1"]
[SourceVersionDate "2007.01.10"]
[SourceQuality "1"]
[WhiteTeam "Ladenburg"]
[BlackTeam "Freiburg"]
[WhiteTeamCountry "GER"]
[BlackTeamCountry "GER"]

1. e4 e5 2. Nf3 Nc6 3. d4 exd4 4. c3 d5 5. exd5 Qxd5 6. cxd4 Bg4 7. Nc3 Bb4 8. Be2 Nf6 9. 0-0 Qd8 10. d5 Bxc3 11. dxc6 Qxd1 12. Rxd1 Ba5 13. cxb7 Rb8 14. Bb5+ Ke7 15. Bc6 Rhd8 16. Rxd8 Rxd8 17. Be3 Bb6 18. Bxb6 cxb6 19. Re1+ Be6 20. Ne5 Kd6 21. Rd1+ Nd5 22. Bxd5 Kxe5 23. Re1+ Kf6 24. Bxe6 fxe6 25. Rc1 Rb8 26. Rc7 h5 27. Kf1 g6 28. Ke2 Ke5 29. Kd3 a6 30. a4 Kd6 31. Rg7 Ke5 32. Rxg6 Rxb7 33. Rg5+ Kf6 34. Rxh5 Rg7 35. g3 Rg4 36. Rh4 Rg5 37. Rb4 Rd5+ 38. Rd4 Rh5 39. h4 b5 40. Rf4+ Ke7 41. Rg4 Rd5+ 42. Kc3 Rc5+ 43. Kb3 Rd5 44. axb5 Rxb5+ 45. Rb4 Rd5 46. Kc3 Rd1 47. h5 Kf7 48. Rd4 Rh1 49. Rh4 Rf1 50. h6 Kg8 51. h7+ Kh8 52. Rh2 e5 53. Kd3 Rd1+ 54. Ke4 Rd2 55. b4 Rd4+ 56. Kxe5 Rxb4 57. f4 a5 58. g4 Rb5+ 59. Kf6 Rb6+ 60. Kg5 Rb7 61. f5 Rxh7 62. Ra2 Ra7 63. Ra4 Kg7 64. f6+ Kf7 65. Kf5 Kf8 66. g5 Kg8 67. g6 Ra6 68. Rc4 Ra8 69. Rh4 1-0

[Event "Oberliga Baden 0506"]
[Site "Germany"]
[Date "2005.11.13"]
[Round "2.8"]
[White "Schaaf, Robert"]
[Black "Benend, Andreas"]
[Result "1-0"]
[WhiteElo "2113"]
[BlackElo "2227"]
[PlyCount "73"]
[EventDate "2005.10.23"]
[EventType "team-tourn"]
[EventRounds "9"]
[EventCountry "GER"]
[SourceTitle "EXT 2007"]
[Source "ChessBase"]
[SourceDate "2006.11.23"]
[SourceVersion "1"]
[SourceVersionDate "2006.11.23"]
[SourceQuality "1"]
[WhiteTeam "Baden-Baden III"]
[BlackTeam "Ladenburg"]
[WhiteTeamCountry "GER"]
[BlackTeamCountry "GER"]

1. e4 Nc6 2. d4 d5 3. Nc3 e6 4. e5 f6 5. Nf3 Bb4 6. a3 Bxc3+ 7. bxc3 fxe5 8. Nxe5 Nxe5 9. dxe5 Qh4 10. Be2 Ne7 11. 0-0 Nf5 12. Bh5+ g6 13. Bf3 Bd7 14. Rb1 Bc6 15. Rb4 Qe7 16. Bd2 a5 17. Rb3 b6 18. Qc1 0-0 19. Bg5 Qc5 20. Bf6 Ba4 21. Rb1 Qxc3 22. Qg5 Rf7 23. Rbd1 Re8 24. h4 Nd4 25. Rd3 Nxf3+ 26. Rxf3 Qxc2 27. h5 Bb5 28. Rc1 Qe4 29. Rf4 Qd3 30. hxg6 Qxg6 31. Qh4 h5 32. Rc3 Bd3 33. Rxd3 Rg7 34. Rg3 Qb1+ 35. Kh2 Rg6 36. Qxh5 Rxg3 37. Qxe8+ 1-0

[Event "Oberliga Baden 0405"]
[Site "Germany"]
[Date "2004.10.24"]
[Round "1.7"]
[White "Benend, Andreas"]
[Black "Weiler, Wolfgang"]
[Result "1-0"]
[WhiteElo "2226"]
[BlackElo "2123"]
[PlyCount "70"]
[EventDate "2004.10.24"]
[EventType "team-tourn"]
[EventRounds "9"]
[EventCountry "GER"]
[SourceTitle "EXT 2007"]
[Source "ChessBase"]
[SourceDate "2006.11.23"]
[SourceVersion "1"]
[SourceVersionDate "2006.11.23"]
[SourceQuality "1"]
[WhiteTeam "Ladenburg"]
[BlackTeam "Slavija KA"]
[WhiteTeamCountry "GER"]
[BlackTeamCountry "GER"]

1. e4 e5 2. Nf3 Nc6 3. Bc4 Nf6 4. Ng5 d5 5. exd5 Na5 6. Bb5+ c6 7. dxc6 bxc6 8. Be2 h6 9. Nh3 Bd6 10. d3 0-0 11. 0-0 Qc7 12. Nc3 e4 13. dxe4 Bxh3 14. gxh3 Bxh2+ 15. Kg2 Rad8 16. Qe1 Bf4 17. Bxf4 Qxf4 18. Rd1 Nxe4 19. Nxe4 Qxe4+ 20. Bf3 Qg6+ 21. Kh2 Qg5 22. Qe4 Rde8 23. Qd4 c5 24. Qc3 Qf4+ 25. Kh1 Re5 26. b3 Rfe8 27. Bg2 Qb4 28. Qxb4 cxb4 29. Rd7 R8e7 30. Rfd1 g5 31. R1d5 Re1+ 32. Kh2 Nc6 33. R5d6 Rxd7 34. Rxd7 Ne5 35. Rxa7 f5 1-0

[Event "Baden VLN 0304"]
[Site "Baden"]
[Date "2004.02.08"]
[Round "6.5"]
[White "Mueller, Rudolf"]
[Black "Benend, Andreas"]
[Result "0-1"]
[WhiteElo "2295"]
[BlackElo "2226"]
[PlyCount "72"]
[EventDate "2003.10.12"]
[EventType "team-tourn"]
[EventRounds "9"]
[EventCountry "GER"]
[SourceTitle "EXT 2022"]
[Source "ChessBase"]
[SourceDate "2021.10.06"]
[SourceVersion "1"]
[SourceVersionDate "2021.10.06"]
[SourceQuality "1"]
[WhiteTeam "Karlsruhe II"]
[BlackTeam "Ladenburg"]
[WhiteTeamCountry "GER"]
[BlackTeamCountry "GER"]

1. e4 Nf6 2. e5 Nd5 3. c4 Nb6 4. d4 d6 5. exd6 exd6 6. h3 Be7 7. Nf3 Bf5 8. Nc3 0-0 9. Be3 Bf6 10. Bd3 Bxd3 11. Qxd3 d5 12. cxd5 Nxd5 13. 0-0 c6 14. Rae1 Nd7 15. Ne4 h6 16. g4 Be7 17. Ng3 Qc7 18. Nf5 Bf6 19. h4 Rae8 20. g5 hxg5 21. Nxg5 g6 22. Nh6+ Kg7 23. Bd2 Bxg5 24. hxg5 f5 25. Qh3 N7b6 26. Kg2 Nf4+ 27. Bxf4 Qxf4 28. Nf7 Re4 29. Rxe4 Qxe4+ 30. f3 Qxd4 31. Re1 Nd5 32. Qg3 Kxf7 33. Rh1 Nf4+ 34. Kf1 Qd1+ 35. Kf2 Qe2+ 36. Kg1 Rd8 0-1

[Event "Baden VLN 0304"]
[Site "Baden"]
[Date "2003.10.12"]
[Round "1.6"]
[White "Kubacsny, Vilmos"]
[Black "Benend, Andreas"]
[Result "1/2-1/2"]
[WhiteElo "2174"]
[BlackElo "2226"]
[PlyCount "122"]
[EventDate "2003.10.12"]
[EventType "team-tourn"]
[EventRounds "9"]
[EventCountry "GER"]
[SourceTitle "EXT 2022"]
[Source "ChessBase"]
[SourceDate "2021.10.06"]
[SourceVersion "1"]
[SourceVersionDate "2021.10.06"]
[SourceQuality "1"]
[WhiteTeam "Conweiler"]
[BlackTeam "Ladenburg"]
[WhiteTeamCountry "GER"]
[BlackTeamCountry "GER"]

1. e4 c5 2. Nf3 Nc6 3. Bb5 Na5 4. c3 a6 5. Ba4 b5 6. Bc2 e6 7. 0-0 Bb7 8. Re1 Qc7 9. d3 Nf6 10. Nbd2 Be7 11. e5 Nd5 12. Ne4 f5 13. exf6 Nxf6 14. Qe2 0-0 15. Bg5 Rae8 16. Bh4 Nxe4 17. dxe4 Bxh4 18. Nxh4 Nc4 19. e5 Re7 20. b3 Nb6 21. g3 Qc6 22. Be4 Qxe4 23. Qxe4 Bxe4 24. Rxe4 Ref7 25. f4 g5 26. Ng2 Nd5 27. c4 Nc3 28. Re3 b4 29. a3 a5 30. axb4 axb4 31. Kf2 Rd8 32. Rd3 Rff8 33. Ke3 g4 34. Rd6 Ra8 35. Rda6 Rxa6 36. Rxa6 Kf7 37. Ne1 h5 38. Nd3 h4 39. Nxc5 hxg3 40. hxg3 Rh8 41. Ra7 Rh3 42. Rxd7+ Ke8 43. Rd3 Rxg3+ 44. Kf2 Ne4+ 45. Kf1 Rxd3 46. Nxd3 Nd2+ 47. Kg2 Nxb3 48. Nxb4 Nd2 49. c5 Ne4 50. c6 Kd8 51. Nc2 Kc7 52. Nd4 Kb6 53. Nxe6 Kxc6 54. Nd4+ Kd5 55. Nf5 Ke6 56. Ne3 g3 57. Kf3 Nc5 58. Kxg3 Nd3 59. Ng4 Kf5 60. Ne3+ Ke6 61. Nc4 Kf5 1/2-1/2

[Event "Baden VLN 0203"]
[Site "Baden"]
[Date "2003.05.04"]
[Round "9.5"]
[White "Schmidt, Ulrich"]
[Black "Benend, Andreas"]
[Result "0-1"]
[WhiteElo "2154"]
[BlackElo "2226"]
[PlyCount "54"]
[EventDate "2002.10.13"]
[EventType "team-tourn"]
[EventRounds "9"]
[EventCountry "GER"]
[SourceTitle "EXT 2022"]
[Source "ChessBase"]
[SourceDate "2021.10.06"]
[SourceVersion "1"]
[SourceVersionDate "2021.10.06"]
[SourceQuality "1"]
[WhiteTeam "Neckargemuend"]
[BlackTeam "Ladenburg"]
[WhiteTeamCountry "GER"]
[BlackTeamCountry "GER"]

1. d4 d5 2. c4 Nc6 3. Nc3 dxc4 4. d5 Ne5 5. Bf4 Ng6 6. Bg3 e5 7. e4 Nf6 8. Bxc4 a6 9. Nf3 Bd6 10. 0-0 h5 11. Nh4 Nxe4 12. Nxg6 Nxc3 13. Qc2 fxg6 14. Qxc3 Qe7 15. f4 e4 16. Qb3 h4 17. Be1 g5 18. Bd2 Bc5+ 19. Kh1 h3 20. Rfe1 hxg2+ 21. Kxg2 Bh3+ 22. Kh1 0-0-0 23. Be3 gxf4 24. Bxf4 Rdf8 25. Be3 Bg2+ 26. Kxg2 Rxh2+ 27. Kg1 Qg5+ 0-1